A-Z: Answers containing "Lot" - Statistics

General Stats
  • This quiz has been taken 17 times
  • The average score is 12 of 26
Answer Stats
Initial Clue Answer % Correct
B A vote in which one's choice is kept confidential Ballot
100%
C Girl's name, and an American city Charlotte
88%
I Dark stain made by the liquid contained in pens Inkblot
88%
S Slow-moving mammal of South and Central America Sloth
82%
G Cutting device famously used in France for executions Guillotine
76%
O Medium-sized wild cat of the Americas Ocelot
71%
F Group of boats; armada Flotilla
65%
H Old-fashioned word for a prostitute Harlot
65%
M Grape variety used in red wine Merlot
65%
A Computer system which controls the flight of a plane without a person having to do any manual input Autopilot
59%
U Naked Unclothed
59%
Z Polish currency Zloty
59%
L Aquatic plant revered in Asian cultures; also a maker of sports cars Lotus
53%
K Unit of explosive power, referring to a weight, with a prefix meaning one thousand Kiloton
47%
P The main pack of cyclists in a race Peloton
47%
W Small piece of towelling-type fabric used to clean one's body Washcloth
47%
E Flexible flap of cartilage in the throat that acts as a lid for the windpipe Epiglottis
41%
R To give or apportion (something) to someone again Reallot
24%
N Language family of east and north-east Africa Nilotic
18%
X Someone who prepares wood for microscopic examination Xylotomist
12%
D Genus of herbs which sounds like a cab service for herbivorous dinosaurs Diplotaxis
6%
J One town of Mexico which has some zing to it Jilotzingo
6%
Q German word for a flute that plays a note in reverse Querflöte
6%
T Poison which comes from the bacterium that causes a certain lung disease, one which children get protected against using the BCG vaccine Tuberculotoxin
6%
V A flower also known as the Scarborough lily, of which there are a lot in South Africa Vallota
6%
Y Muscly-sounding village of eastern Mexico Yolotepec
6%
No matching quizzes found
Score Distribution
Percent of People with Each Score
Percentile by Number Answered
Your Score History
You have not taken this quiz